Old Flags of Countries #5 - Statistics

General Stats
  • This quiz has been taken 67 times
  • The average score is 9 of 16
Answer Stats
Picture Answer % Correct
Albania
96%
Israel
94%
Japan
92%
Guinea (France)
90%
Honduras
88%
Oman
88%
Bulgaria
86%
North Macedonia
69%
Montenegro
53%
Gabon
47%
Georgia
47%
Jamaica
18%
El Salvador
14%
Bolivia
10%
Cape Verde
10%
United Arab Emirates
8%
No matching quizzes found
Score Distribution
Percent of People with Each Score
Percentile by Number Answered
Your Score History
You have not taken this quiz